[Event "Ruhrgebiet Verbandsliga2 1112"]
[Site "Nordrheinwestfalen"]
[Date "2011.12.11"]
[Round "4.5"]
[White "Pustelny Conrad, Dieter"]
[Black "Bauch, Ralf"]
[Result "1/2-1/2"]
[WhiteElo "1958"]
[BlackElo "1925"]
[PlyCount "123"]
[EventDate "2011.09.18"]
[EventType "team-tourn"]
[EventRounds "9"]
[EventCountry "GER"]
[SourceTitle "EXT 2020"]
[Source "ChessBase"]
[SourceDate "2019.10.17"]
[SourceVersion "1"]
[SourceVersionDate "2019.10.17"]
[SourceQuality "1"]
[WhiteTeam "Wattenscheid SV IV"]
[BlackTeam "Doppelbauer Brambauer"]
[WhiteTeamCountry "GER"]
[BlackTeamCountry "GER"]

1. e4 e6 2. d4 d5 3. Nd2 Nf6 4. e5 Nfd7 5. Bd3 c5 6. c3 Nc6 7. Ne2 cxd4 8. cxd4 Qb6 9. Nf3 Bb4+ 10. Kf1 Be7 11. Rb1 Nb4 12. a3 Nxd3 13. Qxd3 Qa6 14. Qxa6 bxa6 15. Bd2 Rb8 16. Bc3 Bxa3 17. Nd2 Be7 18. f3 0-0 19. Kf2 f6 20. Ra1 fxe5 21. dxe5 Bg5 22. Rhd1 Nc5 23. Nf1 Bd7 24. Kg1 Ba4 25. Rd4 Bb5 26. Rg4 Bxe2 27. Rxg5 Nb3 28. Ra4 d4 29. Bxd4 Rf4 30. Rg4 Rxg4 31. fxg4 Rd8 32. Bc3 Rd1 33. Rf4 a5 34. Rf2 Bd3 35. g3 Nc5 36. Bxa5 Ne4 37. Rf4 g5 38. Rf3 Be2 39. Re3 Bxf1 40. Rxe4 Bd3+ 41. Re1 Rxe1+ 42. Bxe1 Kg7 43. Kf2 Kg6 44. Bb4 Bb5 45. Bf8 Bc4 46. h4 gxh4 47. gxh4 a5 48. Ke3 a4 49. h5+ Kf7 50. Bh6 Bb3 51. Kf4 Bc2 52. Bg5 Kg8 53. Bh6 Kf7 54. Kg5 Bb1 55. Kh4 Bc2 56. Bg5 Kg8 57. Bf6 h6 58. Kg3 Kh7 59. Kf4 Bd1 60. Be7 Be2 61. Bf8 Bd1 62. g5 1/2-1/2

[Event "Ruhrgebiet Verbandsliga2 1112"]
[Site "Nordrheinwestfalen"]
[Date "2011.09.18"]
[Round "1.6"]
[White "Strauss, Erich"]
[Black "Pustelny Conrad, Dieter"]
[Result "0-1"]
[WhiteElo "1803"]
[BlackElo "1958"]
[PlyCount "64"]
[EventDate "2011.09.18"]
[EventType "team-tourn"]
[EventRounds "9"]
[EventCountry "GER"]
[SourceTitle "EXT 2020"]
[Source "ChessBase"]
[SourceDate "2019.10.17"]
[SourceVersion "1"]
[SourceVersionDate "2019.10.17"]
[SourceQuality "1"]
[WhiteTeam "Dortmund Hansa IV"]
[BlackTeam "Wattenscheid SV IV"]
[WhiteTeamCountry "GER"]
[BlackTeamCountry "GER"]

1. e4 c5 2. Nc3 Nc6 3. g3 g6 4. Bg2 Bg7 5. Nge2 e6 6. 0-0 Nge7 7. a3 0-0 8. d3 d6 9. Rb1 Nd4 10. Nxd4 cxd4 11. Ne2 Bd7 12. c3 Nc6 13. cxd4 Nxd4 14. Be3 Nxe2+ 15. Qxe2 Qa5 16. Qd2 Qxd2 17. Bxd2 Bb5 18. Rfd1 Bxd3 19. Rbc1 Bxb2 20. Rc7 Ba6 21. Bb4 Rfd8 22. Bf1 Bxf1 23. Kxf1 a5 24. Bd2 Bxa3 25. Rxb7 Bc5 26. Rc1 a4 27. Bc3 Rdb8 28. Rd7 a3 29. e5 a2 30. exd6 Rb1 31. Re1 Rxe1+ 32. Kxe1 Bb4 0-1

[Event "Ruhrgebiet Verbandsliga2 1011"]
[Site "Nordrheinwestfalen"]
[Date "2011.03.20"]
[Round "8.5"]
[White "Pustelny Conrad, Dieter"]
[Black "Delvos, Thorsten"]
[Result "1-0"]
[WhiteElo "1958"]
[BlackElo "1941"]
[PlyCount "51"]
[EventDate "2010.09.12"]
[EventType "team-tourn"]
[EventRounds "9"]
[EventCountry "GER"]
[SourceTitle "EXT 2020"]
[Source "ChessBase"]
[SourceDate "2019.10.17"]
[SourceVersion "1"]
[SourceVersionDate "2019.10.17"]
[SourceQuality "1"]
[WhiteTeam "Wattenscheid SV IV"]
[BlackTeam "Mengede SG"]
[WhiteTeamCountry "GER"]
[BlackTeamCountry "GER"]

1. e4 c5 2. Nf3 Nc6 3. d4 cxd4 4. Nxd4 Nf6 5. Nc3 e5 6. Ndb5 d6 7. Bg5 a6 8. Na3 b5 9. Nd5 Be7 10. Bxf6 Bxf6 11. c3 Ne7 12. Nxf6+ gxf6 13. Nc2 Bb7 14. Bd3 d5 15. Qe2 f5 16. exf5 e4 17. 0-0-0 exd3 18. Rxd3 0-0 19. Rg3+ Kh8 20. Qg4 Ng6 21. Qd4+ Kg8 22. h4 Re8 23. fxg6 fxg6 24. h5 g5 25. h6 Qe7 26. Rh5 1-0

[Event "Ruhrgebiet Regionalliga 0304"]
[Site "Ruhrgebiet"]
[Date "2004.03.07"]
[Round "7.7"]
[White "Wyrwich, Markus"]
[Black "Pustelny Conrad, Dieter"]
[Result "1/2-1/2"]
[WhiteElo "2087"]
[BlackElo "1987"]
[PlyCount "31"]
[EventDate "2003.10.05"]
[EventType "team-tourn"]
[EventRounds "9"]
[EventCountry "GER"]
[SourceTitle "EXT 2007"]
[Source "ChessBase"]
[SourceDate "2006.11.23"]
[SourceVersion "1"]
[SourceVersionDate "2006.11.23"]
[SourceQuality "1"]
[WhiteTeam "Bochum 31 II"]
[BlackTeam "Wattenscheid III"]
[WhiteTeamCountry "GER"]
[BlackTeamCountry "GER"]

1. d4 Nf6 2. Nf3 d6 3. c4 g6 4. g3 Bg7 5. Bg2 Nc6 6. 0-0 0-0 7. Nc3 a6 8. Re1 Rb8 9. e4 Nd7 10. Be3 e5 11. d5 Ne7 12. Qd2 b6 13. b4 f6 14. Bh6 Rf7 15. Bxg7 Kxg7 16. Rac1 1/2-1/2

[Event "Ruhrgebiet Regionalliga 0304"]
[Site "Ruhrgebiet"]
[Date "2004.02.15"]
[Round "6.7"]
[White "Pustelny Conrad, Dieter"]
[Black "Neumann, Markus"]
[Result "0-1"]
[WhiteElo "1987"]
[BlackElo "1899"]
[PlyCount "78"]
[EventDate "2003.10.05"]
[EventType "team-tourn"]
[EventRounds "9"]
[EventCountry "GER"]
[SourceTitle "EXT 2007"]
[Source "ChessBase"]
[SourceDate "2006.11.23"]
[SourceVersion "1"]
[SourceVersionDate "2006.11.23"]
[SourceQuality "1"]
[WhiteTeam "Wattenscheid III"]
[BlackTeam "Erkenschwick"]
[WhiteTeamCountry "GER"]
[BlackTeamCountry "GER"]

1. e4 c5 2. Nf3 d6 3. d4 cxd4 4. Nxd4 Nf6 5. Nc3 g6 6. f3 Bg7 7. Be3 0-0 8. Qd2 Nc6 9. 0-0-0 d5 10. Nxc6 bxc6 11. e5 Ne8 12. Bh6 Rb8 13. Bxg7 Nxg7 14. h4 Qb6 15. b3 Qb4 16. h5 Nxh5 17. Rxh5 gxh5 18. Qg5+ Kh8 19. Bd3 Rg8 20. Qxh5 Rg7 21. Kb2 Qf4 22. Rh1 Qg5 23. Qh2 Qxg2 24. Qh6 Qg5 25. Qxc6 Bf5 26. Bxf5 Qxf5 27. Qxd5 Rg2 28. Ne4 Rc8 29. Rc1 Qxf3 30. Qb7 Qf5 31. Nd6 Rcxc2+ 32. Rxc2 Qxc2+ 33. Ka3 Qc5+ 34. b4 Qe3+ 35. Ka4 Rxa2+ 36. Kb5 a6+ 37. Kc6 Qf3+ 38. Kb6 Qxb7+ 39. Nxb7 h5 0-1

[Event "Ruhrgebiet VL2 0001"]
[Site "Ruhrgebiet"]
[Date "2001.04.22"]
[Round "8"]
[White "Kalkhoff, Andreas"]
[Black "Pustelny Conrad, Dieter"]
[Result "1/2-1/2"]
[WhiteElo "1832"]
[BlackElo "1991"]
[PlyCount "79"]
[EventDate "2000.09.17"]
[EventType "team-tourn"]
[EventRounds "9"]
[EventCountry "GER"]
[SourceTitle "EXT 2023"]
[Source "ChessBase"]
[SourceDate "2022.10.05"]
[SourceVersion "1"]
[SourceVersionDate "2022.10.05"]
[SourceQuality "1"]
[WhiteTeam "Weisse Dame Borbeck II"]
[BlackTeam "Wattenscheid III"]
[WhiteTeamCountry "GER"]
[BlackTeamCountry "GER"]

1. d4 Nf6 2. Nf3 g6 3. Bg5 Bg7 4. Nbd2 d5 5. e3 c6 6. Be2 Bf5 7. 0-0 0-0 8. c4 Nbd7 9. Nh4 Re8 10. Nxf5 gxf5 11. f4 Qb6 12. Rb1 c5 13. b4 cxd4 14. c5 Qe6 15. exd4 Qe3+ 16. Kh1 Qxd4 17. Rf3 Ne4 18. Nxe4 Qxd1+ 19. Rxd1 fxe4 20. Rg3 Kf8 21. Rxd5 Red8 22. Re3 Nf6 23. Rxd8+ Rxd8 24. Bxf6 Bxf6 25. Rxe4 Rd2 26. a4 Ra2 27. g4 Rxa4 28. Bf3 Bc3 29. b5 Rxe4 30. Bxe4 Bb4 31. c6 bxc6 32. Bxc6 Bd2 33. f5 Kg7 34. Kg2 Kf6 35. Kf3 h5 36. h3 Kg5 37. Be8 hxg4+ 38. hxg4 Kf6 39. Ke4 e5 40. fxe6 1/2-1/2